Все города Туркменистана - Statistics

General Stats
  • This quiz has been taken 6 times
  • The average score is 4 of 47
Answer Stats
Регион Город % Correct
Столица Ашхабат
80%
Марыйский Велаят Мары
80%
БалканскийВелаят Балканабад
60%
ДашогузскийВелаят Дашогуз
60%
БалканскийВелаят Туркменбашы
60%
ЛебапскийВелаят Газаджак
20%
МарыйскийВелаят Серхетабад
20%
АхалскийВелаят Теджен
20%
ЛебапскийВелаят Туркменабад
20%
ДашогузкийВелаят Акдепе
0%
Дашогузский Велаят Андалып
0%
АхалскийВелаят Аннау
0%
Ахалский Велаят Бабадайхан
0%
Марыйский Велаят Байрамали
0%
Ахалский Велаят Бахарден
0%
БалканскийВелаят Бекерет
0%
ДашогузскийВелаят Болдумсаз
0%
ЛебапскийВелаят Гарабекевюл
0%
АхалскийВелаят Гёкдепе
0%
ДашогузскийВелаят Гераклы
0%
Дашогузский Велаят Губадаг
0%
БалканскийВелаят Гызылбарат
0%
БалканскийВелаят Дарганата
0%
ЛебапскийВелаят Достлук
0%
Лебапский Велаят Дянев
0%
МарыйскийВелаят Ёлётен
0%
АхалскийВелаят Кака
0%
БалканскийВелаят Карабогаз
0%
ЛебапскийВелаят Керки
0%
ДашогузскийВелаят Кёнеургенч
0%
ЛебапскийВелаят Койтендаг
0%
ЛебапскийВелаят Магданлы
0%
БалканскийВелаят Махтумкули
0%
МарыйскийВелаят Мургап
0%
ЛебапскийВелаят Сакар
0%
МарыйскийВелаят Сакарчага
0%
Лебапский Велаят Саят
0%
Лебапский Велаят Сейди
0%
МарыйскийВелаят Туркменгала
0%
Лебапский Велаят Фарап
0%
Лебапский Велаят Халач
0%
Лебапский Велаят Ходжамбаз
0%
ДашогузскийВелаят Шабат
0%
МарыйскийВелаят Шатлык
0%
Балканский Велаят Эсенгулы
0%
Балканский Велаят Этрек
0%
ДашогузскийВелаят Город имени Сапармурата Туркменбаши /Сапармурат Туркменбаши
0%
No matching quizzes found
Score Distribution
Percent of People with Each Score
Percentile by Number Answered
Your Score History
You have not taken this quiz